[Event "5"]
[Site "Emanuel Lasker Arena"]
[Date "2024.04.09"]
[Round "5"]
[White "Girlfriend Chess"]
[Black "Endspielexperte"]
[Result "1-0"]
[WhiteElo "1753"]
[BlackElo "1620"]
[Annotator "NA RC"]
[PlyCount "33"]
[EventDate "2024.04.09"]
[EventType "swiss (blitz)"]
[TimeControl "60"]

1. c4 {[%emt 0:00:01]} c5 {[%emt 0:00:01]} 2. Nf3 {[%emt 0:00:01]} Nf6 {[%emt 0:00:01]} 3. g3 {[%emt 0:00:02]} d5 {[%emt 0:00:01]} 4. Bg2 {[%emt 0:00:01]} Nc6 {[%emt 0:00:01]} 5. O-O {[%emt 0:00:01]} d4 {[%emt 0:00:01]} 6. d3 {[%emt 0:00:01]} e5 {[%emt 0:00:01]} 7. e3 {[%emt 0:00:01]} Be7 {[%emt 0:00:01]} 8. e4 {[%emt 0:00:01]} O-O {[%emt 0:00:01]} 9. a4 {[%emt 0:00:01]} Qb6 {[%emt 0:00:01]} 10. a5 {[%emt 0:00:02]} Nxe4 {[%emt 0:00:01]} 11. axb6 {[%emt 0:00:01]} Nd6 {[%emt 0:00:04]} 12. Ng5 {[%emt 0:00:04]} a5 {[%emt 0:00:04]} 13. b4 {[%emt 0:00:04]} Nxb4 {[%emt 0:00:01]} 14. Qh5 {[%emt 0:00:08]} Bxg5 {[%emt 0:00:03]} 15. Bxg5 {[%emt 0:00:01]} f6 {[%emt 0:00:03]} 16. Be3 {[%emt 0:00:03]} dxe3 {[%emt 0:00:01]} 17. fxe3 {[%emt 0:00:01] Endspielexperte resigns (Lag: Av=0.08s, max=0.6s)} 1-0